000 00963cad a22001935a 4500
001 L157485
008 121219s2012 xxk f 000 0 eng d
035 _a(Sirsi) u157485
041 0 _aeng
110 2 _aUnited Kingdom
_bDepartment for Environment, Food and Rural Affairs
245 0 0 _aMarine Conservation Zones
_bConsultation on proposals for designation in 2013
_h[electronic resource]
260 _aLondon
_bDEFRA
_c2012
520 _aConsultation seeks views on proposals for the designation of Marine Conservation Zones in English inshore and English and Welsh offshore waters. It aims to engage with everyone who has an interest in the marine environment and coastal communities. The consultation closes on 31 March 2013.
590 _aKA
651 4 _aENGLAND AND WALES
690 _aEnvironment
_96238
856 4 0 _uhttps://www.defra.gov.uk/consult/files/mcz-condoc-121213.pdf
_zView the consultation free of charge at www.defra.gov.uk
942 _n0
999 _c114791
_d114791